Hindi Atmakadhayem/ (Record no. 63310)

000 -LEADER
fixed length control field 00406nam a22001577a 4500
020 ## - INTERNATIONAL STANDARD BOOK NUMBER
ISBN 9789380669496
082 ## - DEWEY DECIMAL CLASSIFICATION NUMBER
Classification number H 891.430 920 71
Item number SYA/H
100 ## - MAIN ENTRY--AUTHOR NAME
Personal name Syam Sunder Pandey
245 ## - TITLE STATEMENT
Title Hindi Atmakadhayem/
Statement of responsibility, etc by Syam Sunder Pandey
260 ## - PUBLICATION, DISTRIBUTION, ETC. (IMPRINT)
Place of publication Kanpur:
Name of publisher Jnan Prakasan,
Year of publication 2015.
300 ## - PHYSICAL DESCRIPTION
Number of Pages 279p.
650 ## - SUBJECT ADDED ENTRY--TOPICAL TERM
Topical Term Autobiographies Hindi
650 ## - SUBJECT ADDED ENTRY--TOPICAL TERM
Topical Term Literature Hindi
650 ## - SUBJECT ADDED ENTRY--TOPICAL TERM
Topical Term Literature
942 ## - ADDED ENTRY ELEMENTS (KOHA)
Koha item type Book
Holdings
Withdrawn status Lost status Damaged status Not for loan Permanent Location Current Location Shelving location Date acquired Cost, normal purchase price Full call number Accession Number Price effective from Koha item type
        Sree Sankaracharya University of Sanskrit Sree Sankaracharya University of Sanskrit Stacks 07.11.2016 750.00 H891.43 092 071 SYA/H 082570 07.11.2016 Book
        Sree Sankaracharya University of Sanskrit Sree Sankaracharya University of Sanskrit Stacks 24.05.2018 750.00 H891.43 092 071 SYA/H 089604 24.05.2018 Book